000 00405nam a2200157Ia 4500
999 _c9146
_d9146
008 200103s 1964 ||||xx |||||||||||||| ||und||
082 _a623.88
_bHMS
110 _aADMIRALTY
245 0 _aAdmiralty manual of seamanship : vol. 1
260 _bHMSO
_c1964
_a London
300 _ax, 494pgs.
650 _aRigging
650 _aRop and it's usage
650 _aNaval communications
942 _cBK